Ahoy, 'Dinty Moore', your time is up (Record no. 66581)

MARC details
000 -LEADER
fixed length control field 01214cam a2200217 4500
001 - CONTROL NUMBER
control field ABS63728
008 - FIXED-LENGTH DATA ELEMENTS--GENERAL INFORMATION
fixed length control field 000000n2001 000 0 eng u
035 ## - SYSTEM CONTROL NUMBER
System control number (Sirsi) u111748
100 ## - MAIN ENTRY--PERSONAL NAME
Personal name Wilkinson, H. W.
245 ## - TITLE STATEMENT
Title Ahoy, 'Dinty Moore', your time is up
260 ## - PUBLICATION, DISTRIBUTION, ETC.
Date of publication, distribution, etc. 2001
490 ## - SERIES STATEMENT
Series statement NLJ Practitioner
Volume/sequential designation 151(6976) 23 March 2001, 419-420(2)
520 ## - SUMMARY, ETC.
Summary, etc. Offers an in-depth discussion of the issues raised in "Chelsea Yacht and Boat Company Ltd v Pope" and the implications of the CA's ruling. This involved the issue of whether the letting of a houseboat constituted a tenancy of a dwelling-house, according to the Housing Act 1988 Part 1. The CA judge considered two issues: whether the houseboat was a chattel and thus incapable of being the subject of a tenancy, and argued that the houseboat was not a dwelling-house. Permanence and the purpose of annexation were important factors in this case. Gives details of other cases in which the issue of annexation arose, if in different contexts.
590 ## - LOCAL NOTE (RLIN)
Local note ABS
650 ## - SUBJECT ADDED ENTRY--TOPICAL TERM
Topical term or geographic name entry element CHELSEA YACHT AND BOAT CO LTD V POPE
650 ## - SUBJECT ADDED ENTRY--TOPICAL TERM
Topical term or geographic name entry element HOUSEBOATS
650 ## - SUBJECT ADDED ENTRY--TOPICAL TERM
Topical term or geographic name entry element CHATTELS
650 ## - SUBJECT ADDED ENTRY--TOPICAL TERM
Topical term or geographic name entry element ANNEXATION
690 ## - LOCAL SUBJECT ADDED ENTRY--TOPICAL TERM (OCLC, RLIN)
Topical term or geographic name as entry element LANDLORD AND TENANT-CASE LAW
942 ## - ADDED ENTRY ELEMENTS (KOHA)
Suppress in OPAC 0
Holdings
Withdrawn status Lost status Source of classification or shelving scheme Damaged status Not for loan Home library Current library Shelving location Date acquired Total Checkouts Full call number Barcode Date last seen Copy number Price effective from Koha item type
    Dewey Decimal Classification     London London Journal article 02/04/2001   ABS63728 111748-1001 06/08/2019 1 06/08/2019 Journal article